[Event "PAR-ch"]
[Site "Asuncion"]
[Date "2008.06.14"]
[Round "5"]
[White "Recalde, Augusto"]
[Black "Piris Tillner, Eduardo"]
[Result "1/2-1/2"]
[WhiteElo "2005"]
[BlackElo "1909"]
[PlyCount "27"]
[EventDate "2008.05.31"]
[EventType "swiss"]
[EventRounds "11"]
[EventCountry "PAR"]
[SourceTitle "CBM 124 Extra"]
[Source "ChessBase"]
[SourceDate "2008.07.03"]
[SourceVersion "1"]
[SourceVersionDate "2008.07.03"]
[SourceQuality "1"]

1. c4 e5 2. Nc3 Nc6 3. g3 g6 4. Bg2 Bg7 5. e3 Nge7 6. Nge2 0-0 7. 0-0 d6 8. d4 f5 9. d5 Nb8 10. b4 a5 11. Ba3 f4 12. exf4 exf4 13. f3 Nf5 14. Qd3 1/2-1/2